000 00587cam a2200181 4500500
005 20260329004242.0
041 _afre
042 _adc
100 1 0 _aPortevin, Catherine
_eauthor
245 0 0 _a“Il faut s’adapter”. Sur un nouvel impératif politique
260 _c2019.
500 _a88
690 _aAdaptation
690 _aBarbara Stiegler
690 _aNéolibéralisme
786 0 _nPhilosophie magazine | 127 | 3 | 2019-03-01 | p. 54-54 | 1951-1787
856 4 1 _uhttps://shs.cairn.info/magazine-philosophie-magazine-2019-3-page-54?lang=fr&redirect-ssocas=7080
999 _c1832175
_d1832175